LIBRARY & INFORMATION CENTRE, KCAET, TAVANUR

ONLINE PUBLIC ACCESS CATALOGUE (OPAC)

Fifteenth congress on irrigation and drainage, The Hague ,Netherlands vol-1-J (Record no. 5671)

MARC details
000 -LEADER
fixed length control field 00370cam a2200133ua 4500
003 - CONTROL NUMBER IDENTIFIER
control field OSt
008 - FIXED-LENGTH DATA ELEMENTS--GENERAL INFORMATION
fixed length control field 250813b |||||||| |||| 00| 0 eng d
020 ## - INTERNATIONAL STANDARD BOOK NUMBER
ISBN 81 85068 43 7
082 ## - DEWEY DECIMAL CLASSIFICATION NUMBER
Classification number 627.5 ICI/FI
245 ## - TITLE STATEMENT
Title Fifteenth congress on irrigation and drainage, The Hague ,Netherlands vol-1-J
260 ## - PUBLICATION, DISTRIBUTION, ETC. (IMPRINT)
Place of publication :
Name of publisher ICID and CIID ,
Year of publication 1993.
300 ## - PHYSICAL DESCRIPTION
Number of Pages 111 ; .
942 ## - ADDED ENTRY ELEMENTS (KOHA)
Koha item type Reference
Holdings
Withdrawn status Lost status Damaged status Home library Current library Date acquired Full call number Accession Number Koha item type
      KAUAET KAUAET 07/04/2012 627.5 ICI/FI 20281 Books
free website counter